00842nam a2200241Ia 4500001000600000003000900006008004100015040001300056040001300069041001200082100001500094100002900109245006800138245004600206250001100252260002400263260001400287260004900301300005900350500013200409650002800541650003100569E7589IT-RoPAU130308s9999 xx 000 0 und d aIT-RoPAU cIT-RoPAU aINGLESE aPhilo Greg gCodice Aut. SPICS: 6591 aFrom Buerk to Band Aid- The Media and the 1984 Ethiopian Famine bGetting The Message-News, Truth And Power a1a ed. aLONDON AND NEW YORK bRoutledge c1993 [1° Ed.:1993 - Ed.Ling.Originale:1993] a"22 p. (prefazione: no ; testo: 22 [pagine: 104-125])" aMichael Buerk e Band Aid. Media e Carestia in Etiopia del 1984. Rapporto Buerk. Organizzazione, Limiti e Piorita delle Notizie. aTEORICHE GIORNALISTICHE eCodice materia Spics: 7055